| 000 | 00569nam a2200181Ia 4500 | ||
|---|---|---|---|
| 003 | OSt | ||
| 005 | 20200911104320.0 | ||
| 008 | 190216s9999||||xx |||||||||||||| ||und|| | ||
| 020 | _a9788120311763 | ||
| 040 | _coclc | ||
| 082 |
_a621.3815 _bBOY/E |
||
| 100 |
_aBoylestad, Robert L _94535 |
||
| 245 | 0 |
_aElectronic Devices And Circuit Theory / _cRobert L Boylestad ; Louis Nashelsky |
|
| 250 | _a6th Ed. | ||
| 260 |
_bPrentice Hall Of India Pvt Ltd, _c2002. _aNew Delhi: |
||
| 300 | _a950p | ||
| 942 |
_cBK _2ddc _h621.3815 _iBOY/E _k621.3815 _mBOY/E |
||
| 999 |
_c33682 _d33682 |
||